| 000 | nam a22 7a 4500 | ||
|---|---|---|---|
| 999 |
_c126895 _d126895 |
||
| 008 | 170905b xxu||||| |||| 00| 0 eng d | ||
| 050 | _aBX5131.2.W726 | ||
| 100 |
_aWilliams, Rowan _99494 |
||
| 245 |
_aBeing christian _bBaptism, bible, eucharist, prayer _c/ Rowan Williams |
||
| 260 |
_aMichigan _bWilliam B. Eerdmans Publishing Company _c2014 |
||
| 300 |
_aviii, 84p. ; _c22cm. |
||
| 650 |
_aTheology, doctrinal _xAnglican communion _935600 |
||
| 942 |
_2lcc _cMONOGRAPH |
||